00585nam a2200169Ia 4500008004100000020001800041041000800059082001700067100004200084245005700126250000700183260005000190300001200240650001300252999001900265952013100284210716s2012 xx 000 0 und d a9789350711262 aeng a336.242 SINV aSinghania, Vinod K;Singhania, Monica. aStudents guide to income tax: including service tax. a48 aNew DelhibTaxmann Publications Pvt Ltdc2012 axv,1038 aTaxation c207808d207808 00102ddc40738MBAaAIMITbAIMITd2013-01-11g575.00l0o336.242 SINVpMBA10374r2025-07-21 00:00:00v575.00w2021-07-16yBK